| 000 | 00434cam a2200169ua 4500 | ||
|---|---|---|---|
| 020 | _c95.00 | ||
| 041 |
_aeng _h |
||
| 082 |
_a330.1 _bHIC/SO |
||
| 100 | _aHicks, J R . | ||
| 245 |
_aSocial framework :Introduction to economics / _cJ R Hicks. _hTextual Documents |
||
| 260 |
_aLondon : _bOxford at the Clarendon Press , _c1963. |
||
| 300 | _a272 ; . | ||
| 365 | _a95.00 | ||
| 504 | _a | ||
| 942 | _cBK | ||
| 999 |
_c2496 _d2496 |
||